[Event "Titled Tuesday intern op 21st Dec"]
[Site "Chess.com INT"]
[Date "2021.12.21"]
[Round "5"]
[White "Hakobyan, Aram"]
[Black "Sorokin, Aleksey"]
[Result "1-0"]
[WhiteElo "2602"]
[BlackElo "2536"]
[PlyCount "67"]
[EventDate "2021.12.21"]
[EventType "swiss (blitz)"]
[EventRounds "11"]
[EventCountry "USA"]
[SourceTitle "CBM 205 Extra"]
[Source "ChessBase"]
[SourceDate "2022.01.31"]
[SourceVersion "1"]
[SourceVersionDate "2022.01.31"]
[SourceQuality "1"]

1. d4 Nf6 2. Bg5 e6 3. e4 h6 4. Bxf6 Qxf6 5. c3 d5 6. Bd3 c5 7. e5 Qg5 8. Nf3 Qxg2 9. Rg1 Qh3 10. Nbd2 Nc6 11. Qe2 cxd4 12. cxd4 Nb4 13. Bb5+ Kd8 14. Rc1 a6 15. Ba4 Qf5 16. Rc3 Bd7 17. Nh4 Qf4 18. Rg4 Qxg4 19. Qxg4 Bxa4 20. a3 Nc2+ 21. Kf1 Rc8 22. Rxc8+ Kxc8 23. Nhf3 g5 24. h4 Be7 25. Qh5 g4 26. Qxf7 Kd7 27. Nh2 g3 28. Ng4 Rf8 29. Nf6+ Kd8 30. Qxe6 Bc6 31. Nf3 gxf2 32. Kxf2 Bxf6 33. exf6 Bd7 34. Qe7+ 1-0

[Event "Titled Tuesday intern op 21st Dec"]
[Site "Chess.com INT"]
[Date "2021.12.21"]
[Round "5"]
[White "Jakubowski, Krzysztof"]
[Black "Chernomordik, Pavel"]
[Result "1-0"]
[WhiteElo "2471"]
[BlackElo "2182"]
[PlyCount "47"]
[EventDate "2021.12.21"]
[EventType "swiss (blitz)"]
[EventRounds "11"]
[EventCountry "USA"]
[SourceTitle "CBM 205 Extra"]
[Source "ChessBase"]
[SourceDate "2022.01.31"]
[SourceVersion "1"]
[SourceVersionDate "2022.01.31"]
[SourceQuality "1"]

1. e4 g6 2. d4 Bg7 3. Nc3 d6 4. f4 a6 5. Be3 b5 6. Nf3 Bb7 7. Bd3 Nd7 8. O-O c5 9. dxc5 Nxc5 10. Bxc5 dxc5 11. e5 Qb6 12. Be4 c4+ 13. Qd4 Qxd4+ 14. Nxd4 Bxe4 15. Nxe4 Nh6 16. a4 Nf5 17. Nxf5 gxf5 18. Ng3 e6 19. axb5 a5 20. Nh5 Bh6 21. Ra4 Ke7 22. Rxc4 Rhb8 23. Rc7+ Kf8 24. Rd1 1-0

[Event "Titled Tuesday intern op 21st Dec"]
[Site "Chess.com INT"]
[Date "2021.12.21"]
[Round "5"]
[White "Jorquera Cahuin, Marcelo Joaquin"]
[Black "Broca Jimenez, Fernando"]
[Result "1-0"]
[WhiteElo "2233"]
[BlackElo "2075"]
[PlyCount "85"]
[EventDate "2021.12.21"]
[EventType "swiss (blitz)"]
[EventRounds "11"]
[EventCountry "USA"]
[SourceTitle "CBM 205 Extra"]
[Source "ChessBase"]
[SourceDate "2022.01.31"]
[SourceVersion "1"]
[SourceVersionDate "2022.01.31"]
[SourceQuality "1"]

1. e4 c5 2. Nc3 g6 3. g3 Bg7 4. d3 Nc6 5. Be3 d6 6. Bg2 e6 7. Qd2 Nge7 8. Bh6 O-O 9. h4 f5 10. h5 Rf7 11. Bxg7 Rxg7 12. hxg6 hxg6 13. Qh6 Kf8 14. O-O-O Ng8 15. Qh8 Nd4 16. f4 Rb8 17. Nce2 Bd7 18. Nxd4 cxd4 19. Nf3 Qf6 20. e5 Qe7 21. Nxd4 dxe5 22. fxe5 Qg5+ 23. Kb1 Qxg3 24. Rdg1 Qxe5 25. Nf3 Qf6 26. Qh2 Qd8 27. Qd6+ Ke8 28. Rh8 Bc6 29. Qe5 Kf7 30. Bh1 Bxf3 31. Bxf3 Rc8 32. Rgh1 Qf6 33. Qd6 Qe7 34. Qd4 Qf6 35. Qxa7 e5 36. R1h7 Qe7 37. Bd5+ Kf6 38. Qg1 Rxh7 39. Rxg8 Rxg8 40. Bxg8 Rg7 41. Bb3 g5 42. Qb6+ Qd6 43. Qxd6# 1-0

[Event "Titled Tuesday intern op 21st Dec"]
[Site "Chess.com INT"]
[Date "2021.12.21"]
[Round "5"]
[White "Juhasz, Agoston"]
[Black "Yedidia, Daniel"]
[Result "0-1"]
[WhiteElo "2378"]
[BlackElo "1991"]
[PlyCount "52"]
[EventDate "2021.12.21"]
[EventType "swiss (blitz)"]
[EventRounds "11"]
[EventCountry "USA"]
[SourceTitle "CBM 205 Extra"]
[Source "ChessBase"]
[SourceDate "2022.01.31"]
[SourceVersion "1"]
[SourceVersionDate "2022.01.31"]
[SourceQuality "1"]

1. e4 e5 2. Nf3 Nc6 3. Bb5 a6 4. Bxc6 dxc6 5. Nc3 Bd6 6. d4 exd4 7. Qxd4 f6 8. Be3 Ne7 9. O-O-O Be6 10. Kb1 O-O 11. h3 Qe8 12. Qd2 Rd8 13. Qe2 Qf7 14. Nd4 Bc4 15. Qf3 c5 16. Nf5 Nxf5 17. exf5 b5 18. Ne4 Bxa2+ 19. Ka1 Qc4 20. Nc3 Be5 21. Nxa2 Qxc2 22. Bc1 b4 23. Rhe1 Qa4 24. Rxd8 Rxd8 25. Re3 c4 26. Rxe5 b3 0-1

[Event "Titled Tuesday intern op 21st Dec"]
[Site "Chess.com INT"]
[Date "2021.12.21"]
[Round "5"]
[White "Kakabayaev, Mergen"]
[Black "Wieczorek, Zbigniew"]
[Result "1-0"]
[WhiteElo "2285"]
[BlackElo "2155"]
[PlyCount "73"]
[EventDate "2021.12.21"]
[EventType "swiss (blitz)"]
[EventRounds "11"]
[EventCountry "USA"]
[SourceTitle "CBM 205 Extra"]
[Source "ChessBase"]
[SourceDate "2022.01.31"]
[SourceVersion "1"]
[SourceVersionDate "2022.01.31"]
[SourceQuality "1"]

1. e4 g6 2. d4 Bg7 3. Nc3 c6 4. h4 h5 5. Nh3 d5 6. e5 Bxh3 7. Rxh3 e6 8. Bg5 Qb6 9. Qd2 Nh6 10. O-O-O Nd7 11. Na4 Qc7 12. Kb1 b5 13. Nc3 Nb6 14. b3 a5 15. Bd3 a4 16. Ne2 axb3 17. cxb3 Qa7 18. f3 Bf8 19. Rc1 Nc4 20. bxc4 bxc4 21. Bxc4 dxc4 22. Rxc4 Qa6 23. Qc2 Nf5 24. Rh1 Be7 25. Rxc6 Qb7+ 26. Ka1 Bxg5 27. Rb1 Ne3 28. Rxb7 Nxc2+ 29. Rxc2 Bxh4 30. Rcc7 O-O 31. d5 exd5 32. Kb1 Rae8 33. Nf4 Kg7 34. e6 Bg3 35. Rxf7+ Kh6 36. Rxf8 Rxf8 37. Nxd5 1-0

[Event "Titled Tuesday intern op 21st Dec"]
[Site "Chess.com INT"]
[Date "2021.12.21"]
[Round "5"]
[White "Kekic, Armin"]
[Black "Wagner, Dinara"]
[Result "0-1"]
[WhiteElo "2164"]
[BlackElo "2325"]
[PlyCount "68"]
[EventDate "2021.12.21"]
[EventType "swiss (blitz)"]
[EventRounds "11"]
[EventCountry "USA"]
[SourceTitle "CBM 205 Extra"]
[Source "ChessBase"]
[SourceDate "2022.01.31"]
[SourceVersion "1"]
[SourceVersionDate "2022.01.31"]
[SourceQuality "1"]

1. e4 c5 2. Nf3 d6 3. d4 cxd4 4. Nxd4 Nf6 5. Nc3 a6 6. g3 e5 7. Nb3 Be6 8. Bg2 Be7 9. O-O Nc6 10. Nd5 O-O 11. c4 b5 12. cxb5 axb5 13. a3 Rb8 14. Bd2 Qd7 15. Rc1 Bg4 16. Bf3 Bxf3 17. Qxf3 Nxd5 18. exd5 Nd8 19. Na5 f5 20. Nc6 Rb7 21. Ba5 e4 22. Qb3 Bg5 23. Nxd8 Bxd8 24. Bxd8 Qxd8 25. Rc6 f4 26. Qb4 e3 27. Qxd6 Qxd6 28. Rxd6 e2 29. Re1 f3 30. g4 Rf4 31. h3 Rd4 32. Rc6 Rd1 33. Rc1 Rxc1 34. Rxc1 Rd7 0-1

[Event "Titled Tuesday intern op 21st Dec"]
[Site "Chess.com INT"]
[Date "2021.12.21"]
[Round "5"]
[White "Khamdamova, Afruza"]
[Black "Gasimov, Parviz"]
[Result "1-0"]
[WhiteElo "1771"]
[BlackElo "2359"]
[PlyCount "73"]
[EventDate "2021.12.21"]
[EventType "swiss (blitz)"]
[EventRounds "11"]
[EventCountry "USA"]
[SourceTitle "CBM 205 Extra"]
[Source "ChessBase"]
[SourceDate "2022.01.31"]
[SourceVersion "1"]
[SourceVersionDate "2022.01.31"]
[SourceQuality "1"]

1. e4 Nf6 2. e5 Nd5 3. d4 d6 4. Nf3 dxe5 5. Nxe5 c6 6. c4 Nf6 7. Nc3 Bf5 8. Be3 Nbd7 9. Nf3 e6 10. Bd3 Bxd3 11. Qxd3 Bd6 12. O-O O-O 13. Rad1 Qe7 14. h3 Rad8 15. Qc2 e5 16. Rfe1 Rfe8 17. Bg5 h6 18. Bh4 g5 19. Bg3 Nh5 20. Bxe5 Nxe5 21. dxe5 Bb4 22. a3 Bxc3 23. Qxc3 Nf4 24. Qe3 Qe6 25. b3 b5 26. Nd4 Qg6 27. cxb5 cxb5 28. Nxb5 Nd3 29. Re2 Rxe5 30. Qxe5 Nxe5 31. Rxd8+ Kg7 32. Rxe5 Qb1+ 33. Kh2 Qxb3 34. Rd7 a6 35. Nd6 Qb8 36. Rxf7+ Kg6 37. Re6+ 1-0

[Event "Titled Tuesday intern op 21st Dec"]
[Site "Chess.com INT"]
[Date "2021.12.21"]
[Round "5"]
[White "Khripachenko, Alexander"]
[Black "Terletsky, Oleg"]
[Result "0-1"]
[WhiteElo "2288"]
[BlackElo "2154"]
[PlyCount "126"]
[EventDate "2021.12.21"]
[EventType "swiss (blitz)"]
[EventRounds "11"]
[EventCountry "USA"]
[SourceTitle "CBM 205 Extra"]
[Source "ChessBase"]
[SourceDate "2022.01.31"]
[SourceVersion "1"]
[SourceVersionDate "2022.01.31"]
[SourceQuality "1"]

1. e4 e5 2. Nf3 Nc6 3. Bb5 a6 4. Ba4 Nf6 5. O-O Be7 6. Re1 b5 7. Bb3 d6 8. h3 O-O 9. a4 Bb7 10. Nc3 b4 11. Nd5 Na5 12. Nxf6+ Bxf6 13. Ba2 c5 14. d3 Bc6 15. Be3 Rb8 16. Nd2 Bg5 17. Nc4 Nxc4 18. Bxc4 a5 19. Qg4 Bxe3 20. fxe3 Qf6 21. Rf1 Qg6 22. Qh4 Rb7 23. Rf3 Kh8 24. b3 f6 25. Raf1 Qe8 26. g4 Rb8 27. Qg3 h6 28. h4 Bd7 29. g5 Qg6 30. gxf6 Qxg3+ 31. Rxg3 Rxf6 32. Rxf6 gxf6 33. Rg6 Rf8 34. Kf2 Kh7 35. Rg3 Be8 36. Be6 Bf7 37. Bf5+ Kh8 38. h5 Rg8 39. Rf3 Rg5 40. Bd7 Kg7 41. d4 Bxh5 42. Rh3 Bg4 43. Bxg4 Rxg4 44. dxe5 fxe5 45. Kf3 Rg1 46. Rh2 Kg6 47. Rd2 Kg5 48. Rxd6 Rf1+ 49. Ke2 Rc1 50. Kd2 Rg1 51. Rd5 Kg4 52. Rxe5 h5 53. Rxc5 h4 54. Rc8 Kf3 55. e5 h3 56. Rf8+ Kg2 57. e6 h2 58. e7 h1=Q 59. Rg8+ Kf2 60. Rxg1 Qxg1 61. e8=Q Qe1+ 62. Kd3 Qc3+ 63. Ke4 Qxe3+ 0-1

[Event "Titled Tuesday intern op 21st Dec"]
[Site "Chess.com INT"]
[Date "2021.12.21"]
[Round "5"]
[White "Krishnan, Varun"]
[Black "Okike, David"]
[Result "1-0"]
[WhiteElo "2228"]
[BlackElo "2167"]
[PlyCount "83"]
[EventDate "2021.12.21"]
[EventType "swiss (blitz)"]
[EventRounds "11"]
[EventCountry "USA"]
[SourceTitle "CBM 205 Extra"]
[Source "ChessBase"]
[SourceDate "2022.01.31"]
[SourceVersion "1"]
[SourceVersionDate "2022.01.31"]
[SourceQuality "1"]

1. e4 c5 2. Nf3 Nc6 3. d4 cxd4 4. Nxd4 Nf6 5. Nc3 d6 6. Bg5 a6 7. Qd2 e6 8. O-O-O Bd7 9. f3 Qa5 10. Be3 Rc8 11. Kb1 b5 12. g4 Ne5 13. Nb3 Qc7 14. g5 Nh5 15. f4 Nc4 16. Bxc4 bxc4 17. Nd4 g6 18. f5 Bg7 19. f6 Bf8 20. Qe2 Rb8 21. Nd5 exd5 22. exd5 Kd8 23. Rhe1 Kc8 24. Bf2 Qb7 25. Qxc4+ Kd8 26. b3 Rc8 27. Qe2 Qxd5 28. Ne6+ Qxe6 29. Bb6+ Ke8 30. Qxa6 Nf4 31. Rxe6+ Nxe6 32. Re1 h6 33. h4 hxg5 34. hxg5 Rh5 35. Qb7 Rxg5 36. a4 Rf5 37. a5 Rb5 38. a6 Rc6 39. a7 Rbxb6 40. a8=Q+ Bc8 41. Qaxc8+ Rxc8 42. Qxc8# 1-0

[Event "Titled Tuesday intern op 21st Dec"]
[Site "Chess.com INT"]
[Date "2021.12.21"]
[Round "5"]
[White "Krivonosov, Oleg"]
[Black "Redzisz, Michal"]
[Result "1-0"]
[WhiteElo "2362"]
[BlackElo "2261"]
[PlyCount "42"]
[EventDate "2021.12.21"]
[EventType "swiss (blitz)"]
[EventRounds "11"]
[EventCountry "USA"]
[SourceTitle "CBM 205 Extra"]
[Source "ChessBase"]
[SourceDate "2022.01.31"]
[SourceVersion "1"]
[SourceVersionDate "2022.01.31"]
[SourceQuality "1"]

1. Nf3 Nf6 2. c4 c6 3. d4 d5 4. cxd5 cxd5 5. Nc3 Nc6 6. Bf4 a6 7. Rc1 Bf5 8. e3 e6 9. Qb3 Qd7 10. Be2 Be7 11. O-O O-O 12. Na4 Na5 13. Qd1 Bd8 14. Ne5 Qe7 15. Nc5 b6 16. Nxa6 Ne4 17. b4 Nb7 18. Nc6 Qd7 19. Nxd8 Nxd8 20. b5 Nd6 21. Rc7 Bb1 1-0

[Event "Titled Tuesday intern op 21st Dec"]
[Site "Chess.com INT"]
[Date "2021.12.21"]
[Round "5"]
[White "Kucuksari, Kaan"]
[Black "Pires, Marcos Vinicius Tor"]
[Result "1-0"]
[WhiteElo "2337"]
[BlackElo "2302"]
[PlyCount "53"]
[EventDate "2021.12.21"]
[EventType "swiss (blitz)"]
[EventRounds "11"]
[EventCountry "USA"]
[SourceTitle "CBM 205 Extra"]
[Source "ChessBase"]
[SourceDate "2022.01.31"]
[SourceVersion "1"]
[SourceVersionDate "2022.01.31"]
[SourceQuality "1"]

1. d4 Nf6 2. c4 c5 3. d5 e6 4. Nc3 exd5 5. cxd5 d6 6. g3 g6 7. Bg2 Bg7 8. Nf3 O-O 9. O-O Re8 10. Bf4 a6 11. a4 Ne4 12. Nxe4 Rxe4 13. Nd2 Rb4 14. a5 Qe7 15. Ra4 Rxa4 16. Qxa4 Bd7 17. Qe4 Qxe4 18. Nxe4 Bxb2 19. Bxd6 Bb5 20. Nxc5 Nd7 21. Nxd7 Bxd7 22. Rb1 Bc3 23. Rxb7 Bb5 24. Bc7 Bxe2 25. d6 Bg4 26. Rb3 Re8 27. h3 1-0

[Event "Titled Tuesday intern op 21st Dec"]
[Site "Chess.com INT"]
[Date "2021.12.21"]
[Round "5"]
[White "Kusluvan, Yekaterina"]
[Black "Schut, Han"]
[Result "0-1"]
[WhiteElo "2112"]
[BlackElo "2101"]
[PlyCount "78"]
[EventDate "2021.12.21"]
[EventType "swiss (blitz)"]
[EventRounds "11"]
[EventCountry "USA"]
[SourceTitle "CBM 205 Extra"]
[Source "ChessBase"]
[SourceDate "2022.01.31"]
[SourceVersion "1"]
[SourceVersionDate "2022.01.31"]
[SourceQuality "1"]

1. e4 c5 2. Nf3 d6 3. d4 cxd4 4. Nxd4 Nf6 5. Nc3 g6 6. Be3 Bg7 7. f3 O-O 8. Qd2 Nc6 9. Bc4 Bd7 10. O-O-O Rc8 11. Bb3 Nxd4 12. Bxd4 b5 13. h4 b4 14. Nd5 Nxd5 15. Bxg7 Kxg7 16. Qxd5 a5 17. h5 a4 18. hxg6 fxg6 19. Bc4 Qc7 20. b3 Qc5 21. Qd2 h5 22. g4 Qe5 23. Kb1 a3 24. Qd4 Qxd4 25. Rxd4 hxg4 26. fxg4 Bxg4 27. Rg1 Bh5 28. Be6 Rb8 29. Rd2 Rf6 30. Bd5 Rbf8 31. Bc4 Rf2 32. Rxf2 Rxf2 33. Bd3 Kf6 34. Kc1 Ke5 35. Rg5+ Kd4 36. Rb5 Kc3 37. Rb8 Rh2 38. Rc8+ Kd4 39. Rc4+ Ke3 0-1

[Event "Titled Tuesday intern op 21st Dec"]
[Site "Chess.com INT"]
[Date "2021.12.21"]
[Round "5"]
[White "Lauridsen, Jesper Morck"]
[Black "Demchenko, Anton"]
[Result "0-1"]
[WhiteElo "2215"]
[BlackElo "2654"]
[PlyCount "80"]
[EventDate "2021.12.21"]
[EventType "swiss (blitz)"]
[EventRounds "11"]
[EventCountry "USA"]
[SourceTitle "CBM 205 Extra"]
[Source "ChessBase"]
[SourceDate "2022.01.31"]
[SourceVersion "1"]
[SourceVersionDate "2022.01.31"]
[SourceQuality "1"]

1. e4 c5 2. Nf3 d6 3. d4 cxd4 4. Nxd4 Nf6 5. Nc3 Nc6 6. Bc4 e6 7. Be3 a6 8. Qe2 Bd7 9. O-O-O b5 10. Bb3 Na5 11. g4 b4 12. g5 bxc3 13. gxf6 Qxf6 14. Rhg1 Qd8 15. f4 g6 16. f5 e5 17. fxg6 Nxb3+ 18. axb3 cxb2+ 19. Kxb2 hxg6 20. Nf3 Be7 21. h4 a5 22. Bg5 f6 23. Be3 Kf7 24. Rdf1 Kg7 25. h5 Rxh5 26. Nd4 Qh8 27. Nf5+ Bxf5 28. exf5 g5 29. Qc4 Qc8 30. Qd5 a4 31. Rh1 a3+ 32. Kc1 a2 33. Kd2 Rxh1 34. Rxh1 a1=Q 35. Rh7+ Kxh7 36. Qf7+ Kh8 37. Qh5+ Kg7 38. Qg6+ Kf8 39. Qh6+ Ke8 40. Qh8+ Kd7 0-1

[Event "Titled Tuesday intern op 21st Dec"]
[Site "Chess.com INT"]
[Date "2021.12.21"]
[Round "5"]
[White "Makhmudov, Shukhrat"]
[Black "Papp, Petra"]
[Result "0-1"]
[WhiteElo "2115"]
[BlackElo "2336"]
[PlyCount "56"]
[EventDate "2021.12.21"]
[EventType "swiss (blitz)"]
[EventRounds "11"]
[EventCountry "USA"]
[SourceTitle "CBM 205 Extra"]
[Source "ChessBase"]
[SourceDate "2022.01.31"]
[SourceVersion "1"]
[SourceVersionDate "2022.01.31"]
[SourceQuality "1"]

1. e4 c6 2. d4 d5 3. Nc3 dxe4 4. Nxe4 Nf6 5. Nxf6+ exf6 6. c3 Bd6 7. Bd3 O-O 8. Qc2 Re8+ 9. Ne2 h5 10. h3 Nd7 11. O-O h4 12. Bf4 Nf8 13. Bxd6 Qxd6 14. Rad1 Bd7 15. Qb3 b6 16. Rfe1 Ne6 17. Bc2 Ng5 18. Qc4 Bxh3 19. f4 Ne6 20. Qd3 Bg4 21. Qh7+ Kf8 22. f5 Ng5 23. Qxh4 Bxe2 24. Qh8+ Ke7 25. Rxe2+ Kd7 26. Rxe8 Rxe8 27. Qxg7 Qg3 28. Qxf6 Nf3+ 0-1

[Event "Titled Tuesday intern op 21st Dec"]
[Site "Chess.com INT"]
[Date "2021.12.21"]
[Round "5"]
[White "Mamedyarov, Shakhriyar"]
[Black "Warmerdam, Max"]
[Result "1-0"]
[WhiteElo "2767"]
[BlackElo "2599"]
[PlyCount "80"]
[EventDate "2021.12.21"]
[EventType "swiss (blitz)"]
[EventRounds "11"]
[EventCountry "USA"]
[SourceTitle "CBM 205 Extra"]
[Source "ChessBase"]
[SourceDate "2022.01.31"]
[SourceVersion "1"]
[SourceVersionDate "2022.01.31"]
[SourceQuality "1"]

1. e3 Nf6 2. d4 d5 3. Nf3 e6 4. Bd3 b6 5. O-O Bb7 6. Ne5 Nbd7 7. f4 Be7 8. Nd2 O-O 9. Rf3 Ne4 10. Rh3 Nxe5 11. fxe5 f5 12. exf6 Rxf6 13. Nf3 Bd6 14. Bd2 h6 15. Be1 Qe8 16. c4 Qf7 17. Rc1 dxc4 18. Bxc4 Bd5 19. Bd3 Rf8 20. Bh4 g5 21. Qc2 Qg6 22. Nd2 Nxd2 23. Qxd2 Be4 24. Bxe4 Qxe4 25. Bg3 g4 26. Rh4 Kg7 27. Qe2 Rg6 28. Bxd6 cxd6 29. h3 Rf5 30. Rc7+ Rf7 31. Rxf7+ Kxf7 32. hxg4 Ke7 33. a3 a5 34. Qf3 Qb1+ 35. Kh2 Rf6 36. Qb7+ Kf8 37. g5 Qe1 38. Qc8+ Kf7 39. Qd7+ Kg8 40. Qe8+ Rf8 1-0

[Event "Titled Tuesday intern op 21st Dec"]
[Site "Chess.com INT"]
[Date "2021.12.21"]
[Round "5"]
[White "Maranhao, Jose Renato Ruiz"]
[Black "Ward, Ieuan C"]
[Result "0-1"]
[WhiteElo "1923"]
[BlackElo "2028"]
[PlyCount "76"]
[EventDate "2021.12.21"]
[EventType "swiss (blitz)"]
[EventRounds "11"]
[EventCountry "USA"]
[SourceTitle "CBM 205 Extra"]
[Source "ChessBase"]
[SourceDate "2022.01.31"]
[SourceVersion "1"]
[SourceVersionDate "2022.01.31"]
[SourceQuality "1"]

1. e4 c5 2. Nf3 d6 3. d4 cxd4 4. Nxd4 Nf6 5. Nc3 a6 6. Be3 e5 7. Nb3 Be6 8. f3 Nbd7 9. Qd2 b5 10. O-O-O Nb6 11. g4 Nc4 12. Bxc4 bxc4 13. Na1 Be7 14. Kb1 O-O 15. Na4 Rb8 16. c3 Qa5 17. Qc2 Bd7 18. Nb6 Rxb6 19. Bxb6 Qxb6 20. g5 Nh5 21. Rd2 Bxg5 22. Rg2 Bf6 23. Rd1 Nf4 24. Rgd2 Be7 25. Qc1 Rb8 26. Qc2 Be6 27. Qa4 Nd3 28. Qa3 Bf8 29. Nc2 Qxb2+ 30. Qxb2 Nxb2 31. Rf1 Nd3+ 32. Ka1 g6 33. a3 Bh6 34. Rdd1 Rb3 35. Rb1 Rxc3 36. Rb8+ Kg7 37. Ne3 Bxe3 38. f4 Bxf4 0-1

[Event "Titled Tuesday intern op 21st Dec"]
[Site "Chess.com INT"]
[Date "2021.12.21"]
[Round "5"]
[White "Marcziter, Dmitrii"]
[Black "Pein, Jonathan"]
[Result "0-1"]
[WhiteElo "2264"]
[BlackElo "2229"]
[PlyCount "88"]
[EventDate "2021.12.21"]
[EventType "swiss (blitz)"]
[EventRounds "11"]
[EventCountry "USA"]
[SourceTitle "CBM 205 Extra"]
[Source "ChessBase"]
[SourceDate "2022.01.31"]
[SourceVersion "1"]
[SourceVersionDate "2022.01.31"]
[SourceQuality "1"]

1. e4 c5 2. Nc3 b6 3. g3 Bb7 4. Bg2 g6 5. d3 Bg7 6. Be3 e6 7. Qd2 Nc6 8. h4 h5 9. O-O-O Nge7 10. Kb1 d6 11. Nge2 a6 12. d4 cxd4 13. Nxd4 Ne5 14. Qe2 O-O 15. f3 b5 16. g4 hxg4 17. fxg4 b4 18. Na4 Qa5 19. b3 Rfc8 20. h5 Nc4 21. Bc1 Na3+ 22. Bxa3 bxa3 23. hxg6 Nxg6 24. Rh5 Qb4 25. Qd2 Qxd2 26. Rxd2 Nf4 27. Rh1 Nxg2 28. Rxg2 Bxe4 29. Rhg1 Bxg2 30. Rxg2 Bxd4 31. Rd2 Bb2 32. Nb6 Rab8 33. Nxc8 Rxc8 34. c4 d5 35. Rg2 dxc4 36. Rc2 c3 37. b4 Rd8 38. Rc1 Bxc1 39. Kxc1 Rd2 40. b5 axb5 41. g5 Rxa2 42. Kb1 Rb2+ 43. Ka1 c2 44. g6 c1=Q# 0-1

[Event "Titled Tuesday intern op 21st Dec"]
[Site "Chess.com INT"]
[Date "2021.12.21"]
[Round "5"]
[White "Martic, Ivan"]
[Black "Slavin, Alexei"]
[Result "0-1"]
[WhiteElo "2287"]
[BlackElo "2364"]
[PlyCount "106"]
[EventDate "2021.12.21"]
[EventType "swiss (blitz)"]
[EventRounds "11"]
[EventCountry "USA"]
[SourceTitle "CBM 205 Extra"]
[Source "ChessBase"]
[SourceDate "2022.01.31"]
[SourceVersion "1"]
[SourceVersionDate "2022.01.31"]
[SourceQuality "1"]

1. d4 Nc6 2. Nf3 d6 3. e4 Nf6 4. c3 Bg4 5. h3 Bh5 6. Bd3 e5 7. d5 Nb8 8. c4 Nbd7 9. Nc3 Be7 10. O-O O-O 11. Re1 h6 12. Bd2 Nh7 13. g4 Bg6 14. b4 Ng5 15. Nxg5 Bxg5 16. Kg2 a5 17. a3 axb4 18. Bxg5 Qxg5 19. axb4 Rxa1 20. Qxa1 h5 21. Qc1 Qh4 22. f3 Ra8 23. Re2 c6 24. Ra2 Rxa2+ 25. Nxa2 hxg4 26. hxg4 Qd8 27. Qb2 c5 28. b5 Qa5 29. Nc3 Nb6 30. Kf2 Na4 31. Nxa4 Qxa4 32. Ke2 f6 33. b6 Be8 34. Kd2 Bd7 35. Be2 Kf7 36. Bd3 Kg6 37. Ke2 Qa5 38. Bb1 Ba4 39. Bd3 Kg5 40. Qd2+ Qxd2+ 41. Kxd2 Kf4 42. Ke2 Bb3 43. Kf2 Bd1 44. Be2 Bxe2 45. Kxe2 Kg3 46. Ke3 g5 47. Ke2 Kg2 48. Ke3 Kf1 49. f4 gxf4+ 50. Kf3 Ke1 51. g5 fxg5 52. Kg4 Ke2 53. Kxg5 f3 0-1

[Event "Titled Tuesday intern op 21st Dec"]
[Site "Chess.com INT"]
[Date "2021.12.21"]
[Round "5"]
[White "Martin, Lewis"]
[Black "Bogumil, Tatiana"]
[Result "1-0"]
[WhiteElo "2196"]
[BlackElo "2182"]
[PlyCount "55"]
[EventDate "2021.12.21"]
[EventType "swiss (blitz)"]
[EventRounds "11"]
[EventCountry "USA"]
[SourceTitle "CBM 205 Extra"]
[Source "ChessBase"]
[SourceDate "2022.01.31"]
[SourceVersion "1"]
[SourceVersionDate "2022.01.31"]
[SourceQuality "1"]

1. e4 e6 2. d4 d5 3. Nd2 dxe4 4. Nxe4 Bd7 5. Nf3 Bc6 6. Bd3 Nd7 7. c3 Ngf6 8. Nxf6+ Nxf6 9. O-O Bxf3 10. Qxf3 c6 11. Bg5 Be7 12. Rfe1 Qc7 13. a4 a5 14. Rad1 Nd5 15. Bxe7 Qxe7 16. c4 Nb4 17. Bb1 O-O 18. d5 cxd5 19. cxd5 e5 20. d6 Qf6 21. Qxb7 Rfd8 22. d7 g6 23. Rc1 Qd6 24. Rc8 Rb8 25. Rxb8 Rxb8 26. Qxb8+ Qxb8 27. Rc1 Nc6 28. Rxc6 1-0

[Event "Titled Tuesday intern op 21st Dec"]
[Site "Chess.com INT"]
[Date "2021.12.21"]
[Round "5"]
[White "Martin Carmona, Gaston Manuel"]
[Black "Zherebtsova, Alexandra"]
[Result "1-0"]
[WhiteElo "2362"]
[BlackElo "2182"]
[PlyCount "97"]
[EventDate "2021.12.21"]
[EventType "swiss (blitz)"]
[EventRounds "11"]
[EventCountry "USA"]
[SourceTitle "CBM 205 Extra"]
[Source "ChessBase"]
[SourceDate "2022.01.31"]
[SourceVersion "1"]
[SourceVersionDate "2022.01.31"]
[SourceQuality "1"]

1. e4 e5 2. Nf3 Nc6 3. Bb5 a6 4. Bxc6 dxc6 5. O-O Ne7 6. Nxe5 Qd4 7. Qh5 g6 8. Nf3 Qxe4 9. Nc3 Qf5 10. Qh4 Bd7 11. Re1 O-O-O 12. d3 Qg4 13. Qg5 Qxg5 14. Bxg5 Re8 15. Bf6 Rg8 16. Ng5 Nd5 17. Nxd5 cxd5 18. Nxh7 Rxe1+ 19. Rxe1 Bd6 20. Ng5 Be8 21. g3 Kd7 22. Kg2 c6 23. c4 dxc4 24. dxc4 b5 25. b3 bxc4 26. bxc4 c5 27. Bc3 Kc7 28. f3 Bc6 29. Nxf7 Bxf3+ 30. Kxf3 Rf8 31. Re6 Rxf7+ 32. Kg4 Rf2 33. Rxg6 Rxh2 34. a4 Rg2 35. Kf3 Rc2 36. Ba5+ Kc6 37. Rg4 Ra2 38. Re4 Rxa4 39. Bd2 Ra2 40. Be3 Ra3 41. g4 a5 42. g5 Ra1 43. g6 Rf1+ 44. Kg4 Rf8 45. Kg5 Rg8 46. Re6 a4 47. Bf4 a3 48. Rxd6+ Kb7 49. Rd7+ 1-0

[Event "Titled Tuesday intern op 21st Dec"]
[Site "Chess.com INT"]
[Date "2021.12.21"]
[Round "5"]
[White "Matveeva, Olga"]
[Black "Johnson, Ben"]
[Result "1-0"]
[WhiteElo "2171"]
[BlackElo "2104"]
[PlyCount "71"]
[EventDate "2021.12.21"]
[EventType "swiss (blitz)"]
[EventRounds "11"]
[EventCountry "USA"]
[SourceTitle "CBM 205 Extra"]
[Source "ChessBase"]
[SourceDate "2022.01.31"]
[SourceVersion "1"]
[SourceVersionDate "2022.01.31"]
[SourceQuality "1"]

1. d4 Nf6 2. c4 e6 3. g3 d5 4. Nf3 Bb4+ 5. Bd2 Be7 6. Bg2 O-O 7. O-O c6 8. Qc2 Nbd7 9. Bf4 b6 10. Nbd2 h6 11. e4 dxe4 12. Nxe4 Nxe4 13. Qxe4 Bb7 14. Rfd1 Nf6 15. Qc2 Qc8 16. c5 b5 17. b4 a5 18. a3 axb4 19. axb4 Nd5 20. Bd2 Bf6 21. Qe4 Qc7 22. h4 Rxa1 23. Rxa1 Ra8 24. Rxa8+ Bxa8 25. Nh2 Be7 26. Ng4 Bf8 27. Ne5 Qa7 28. Bh3 Qa1+ 29. Kg2 Qb2 30. Nxf7 Qxd2 31. Bxe6 Nf6 32. Nxh6+ Kh8 33. Nf7+ Kg8 34. Ng5+ Kh8 35. Qg6 Bb7 36. Qh5+ 1-0